Root Factions - Statistics

General Stats
  • This quiz has been taken 12 times
  • The average score is 8 of 13
Answer Stats
Answer % Correct
Vagabond
100%
Eyrie Dynasties
88%
Woodland Alliance
88%
Marquise de Cat
75%
Corvid Conspiracy
63%
Keepers in Iron
63%
Lizard Cult
63%
Lord of the Hundreds
63%
Riverfolk Company
50%
Underground Duchy
50%
Knaves of the Deepwood
25%
Lilypad Diaspora
25%
Twilight Council
25%
No matching quizzes found
Score Distribution
Percent of People with Each Score
Percentile by Number Answered
Your Score History
You have not taken this quiz